Manual de anestesia quirúrgica / (Record no. 60878)

MARC details
000 -LEADER
campo de control de longitud fija 00604nam a2200181 i 4500
001 - NÚMERO DE CONTROL
campo de control 60878
003 - IDENTIFICADOR DE NÚMERO DE CONTROL
campo de control ES-MaACL
005 - FECHA Y HORA DE LA ÚLTIMA TRANSACCIÓN
campo de control 20230906164325.0
007 - CAMPO FIJO DE DESCRIPCIÓN FÍSICA--INFORMACIÓN GENERAL
campo de control de longitud fija t|
008 - DATOS DE LONGITUD FIJA--INFORMACIÓN GENERAL
campo de control de longitud fija 031107s1942 sp ||||1| spa d
100 1# - ENTRADA PRINCIPAL--NOMBRE DE PERSONA
Nombre de persona Estella, José (
Fechas asociadas al nombre 1898-1950)
9 (RLIN) 48095
245 10 - MENCIÓN DEL TÍTULO
Título Manual de anestesia quirúrgica /
Mención de responsabilidad, etc. por José Estella y Bermúdez de Castro ; prólogo de Vital Aza.
260 ## - PUBLICACIÓN, DISTRIBUCIÓN, ETC.
Lugar de publicación, distribución, etc. Madrid :
Nombre del editor, distribuidor, etc. Editorial Científico-Médica,
Fecha de publicación, distribución, etc. 1942 (
Fabricante Diana)
300 ## - DESCRIPCIÓN FÍSICA
Extensión 320 p. :
Otras características físicas grab. ;
Dimensiones 25 cm.
700 1# - ENTRADA AGREGADA--NOMBRE PERSONAL
Nombre de persona Aza, Vital,
Fechas asociadas al nombre 1890-1961
9 (RLIN) 170049
852 ## - LOCALIZACIÓN
Ubicación ES-MaACL
Número de control de estantería E-792
Sublocalización o colección R.19778
Holdings
Estatus retirado Estado de pérdida Estado de daño No para préstamo Biblioteca de origen Biblioteca actual Ubicación en estantería Fecha de adquisición Fuente de adquisición Total de préstamos Signatura topográfica completa Código de barras Visto por última vez Precio de reemplazo Tipo de ítem Koha
        Biblioteca del Ateneo de Madrid Biblioteca del Ateneo de Madrid Depósito 2 17/01/2008     E-792 1063842 23/02/2023 23/02/2023 Libro impreso